Normal view
MARC view
- Vanangamudi. K
Entry Personal Name
001 - CONTROL NUMBER
- control field: 291
003 - CONTROL NUMBER IDENTIFIER
- control field: OSt
005 - DATE AND TIME OF LATEST TRANSACTION
- control field: 20160606132918.0
008 - FIXED-LENGTH DATA ELEMENTS
- fixed length control field: 160606|| aca||aabn | a|a d
040 ## - CATALOGING SOURCE
- Original cataloging agency: OSt
- Transcribing agency: OSt
100 ## - HEADING--PERSONAL NAME
- Personal name: Vanangamudi. K
670 ## - SOURCE DATA FOUND
- Source citation: Work cat.: (OSt): Vanangamudi. K, Seed Quality Enhancement: Principles and Practices, 2013
